000 00340nam a22001457a 4500
005 20200606110127.0
008 200606b xxu||||| |||| 00| 0 eng d
082 _a345.4
110 _aL.I.C
_95787
245 _aL.I.C 2006 (V-3) JULY TO SEP
260 _aMUMBAI
_bA.I.R PVT. LTD.
300 _a3312;p
650 _aLAW
_95701
942 _cJRL
999 _c6838
_d6836